| Поле | Название | Значение |
| |
Тип записи |
a |
| |
Библиографический уровень |
c |
| 001 |
Контрольный номер |
RU/SLIB/B/208774723 |
| 005 |
Дата корректировки |
20231204100341.9 |
| 010 |
Индекс ISBN |
__ |
| d |
Цена |
10000-00 |
| 101 |
Язык документа |
0_ |
| a |
Язык текста |
rus |
| 200 |
Заглавие и сведения об ответственности |
1_ |
| a |
Заглавие |
Собрание сочинений |
| e |
Сведения, относящиеся к заглавию |
в 18 т. |
| f |
Первые сведения об ответственности |
М. Горький |
| b |
Общее обозначение материала |
Текст |
| h |
Номер части |
Т. 6 |
| i |
Наименование части |
Произведения 1909-1912 гг. |
| 210 |
Выходные данные |
1_ |
| a |
Место издания |
М. |
| c |
Издательство |
Худож. лит. |
| d |
Дата издания |
1961 |
| 215 |
Физическое описание |
__ |
| a |
Объем |
538 с. |
| 606 |
Тематические рубрики |
__ |
| a |
Основная рубрика |
Художественная литература |
| z |
Хронологическая подрубрика |
19 в. ; 20 в. нач.; 1909 г. ; 1910 г. ; 1911 г. ; 1912 г. |
| y |
Географическая подрубрика |
Россия |
| 606 |
Тематические рубрики |
__ |
| a |
Основная рубрика |
Русская литература XX в. (произведения) |
| 610 |
Ключевые слова |
0_ |
| a |
Ключевые слова |
прозаики; писатели; проза |
| 686 |
Индексы других классификаций |
__ |
| a |
Классификационный индекс |
84(2Рос=Рус)6-4 |
| 700 |
Автор |
_1 |
| a |
Фамилия |
Горький |
| b |
Имя |
М. |
| c |
Титул (звания) |
Пешков А. М. |
| g |
Полное личное имя |
Максим |
| 4 |
Код отношения |
070 |
| 801 |
Источник записи |
_0 |
| a |
Страна |
RU |
| b |
Организация |
Муниципальное бюджетное учреждение культуры "Централизованная библиотечная система" г. Сургут (Центральная городская библиотека им. А. С. Пушкина) |
| g |
Правила каталогизации |
КиК/Михайлова |
| 801 |
Источник записи |
_1 |
| a |
Страна |
RU |
| b |
Организация |
Муниципальное бюджетное учреждение культуры "Централизованная библиотечная система" г. Сургут (Центральная городская библиотека им. А. С. Пушкина) |
| g |
Правила каталогизации |
КиК/Михайлова |
| 852 |
Данные о местонахождении |
__ |
| j |
Шифр хранения |
84(2Рос=Рус)6-4 |
| i |
Авторский знак |
Г 71 |
| p |
Инвентарный номер |
55771 |
| 901 |
Тип документа |
__ |
| t |
Тип документа |
x |
| 969 |
Тип издания |
__ |
| a |
Тип издания |
сборник |
| 990 |
Данные о заказе (DOS) |
__ |
| j |
Количество экземпляров (DOS) |
1 |
| t |
N записи в КСУ для И/У (DOS) |
199601 |